[Event "Kreuzberg Open 2008"]
[Site "Berlin-Kreuzberg"]
[Date "2008.07.21"]
[Round "3.1"]
[White "Rabiega, Robert"]
[Black "Gebigke, Martin"]
[Result "1-0"]
[WhiteElo "2552"]
[BlackElo "2151"]
[PlyCount "83"]
[EventDate "2008.??.??"]
[WhiteTeam "SK König Tegel 1949 e.V."]
[BlackTeam "SV Berolina Mitte e.V."]

1. e4 d6 2. d4 Nf6 3. Bd3 g6 4. Nf3 Bg7 5. O-O O-O 6. c3 Nc6 7. h3 e5 8. Re1
Re8 9. d5 Ne7 10. c4 Nd7 11. Nc3 h6 12. Rb1 a5 13. a3 f5 14. b4 axb4 15. axb4
Nf6 16. c5 Kh8 17. cxd6 cxd6 18. Nd2 Rf8 19. Nc4 f4 20. Be2 h5 21. b5 Nh7 22.
b6 Ng5 23. Bf1 Ng8 24. f3 Nf6 25. Nb5 Ne8 26. Re2 Ra6 27. Rc2 Nf7 28. Nc7 Nxc7
29. bxc7 Qh4 30. Nb6 Rxb6 31. Rxb6 g5 32. Qe2 g4 33. fxg4 hxg4 34. hxg4 Ng5 35.
Rb3 Bh6 36. Qf2 Qxg4 37. Be2 f3 38. Bxg5 fxe2 39. Bf6+ Kg8 40. Rg3 Bg5 41. Rxg4
Bxg4 42. Bxg5 1-0

[Event "Kreuzberg Open 2008"]
[Site "Berlin-Kreuzberg"]
[Date "2008.07.21"]
[Round "3.2"]
[White "Welz, Peter"]
[Black "Kalinitschew, Sergey"]
[Result "0-1"]
[WhiteElo "2169"]
[BlackElo "2456"]
[PlyCount "72"]
[EventDate "2008.??.??"]
[WhiteTeam "SV Empor Berlin e.V."]
[BlackTeam "SC Kreuzberg e.V."]

1. e4 c5 2. Nc3 e6 3. g3 d5 4. exd5 exd5 5. Bg2 Nf6 6. Qe2+ Be7 7. Nf3 Nc6 8.
h3 O-O 9. O-O Re8 10. d3 d4 11. Nb1 Bd6 12. Qd1 h6 13. Na3 Be6 14. Nb5 Bb8 15.
a4 Qd7 16. Kh2 a6 17. Na3 Bc7 18. Bd2 Rab8 19. Nc4 b5 20. axb5 axb5 21. Na5
Bxa5 22. Bxa5 b4 23. Nd2 Rb5 24. Bxc6 Qxc6 25. c4 Rbb8 26. Qf3 Qxf3 27. Nxf3
Bf5 28. Rfe1 Bxd3 29. Ne5 Bc2 30. Bc7 Rbc8 31. Bd6 Ne4 32. Ra6 Re6 33. Nc6 Rxc6
34. Rxc6 Rxd6 35. Rc8+ Kh7 36. f3 d3 0-1

[Event "Kreuzberg Open 2008"]
[Site "Berlin-Kreuzberg"]
[Date "2008.07.21"]
[Round "3.3"]
[White "Berger, Steve"]
[Black "Jahnz, Fabian"]
[Result "1-0"]
[WhiteElo "2408"]
[BlackElo "2139"]
[PlyCount "98"]
[EventDate "2008.??.??"]
[WhiteTeam "SC Kreuzberg e.V."]
[BlackTeam "SK König Tegel 1949 e.V."]

1. e4 c5 2. Nf3 e6 3. Nc3 Nc6 4. d4 cxd4 5. Nxd4 Qc7 6. g3 a6 7. Bg2 Nf6 8. O-O
Nxd4 9. Qxd4 Bc5 10. Bf4 d6 11. Qd2 h6 12. Rad1 e5 13. Be3 Be6 14. Bxc5 dxc5
15. Nd5 Bxd5 16. exd5 Qd6 17. f4 O-O 18. fxe5 Qxe5 19. d6 Qxb2 20. c4 Qxd2 21.
Rxd2 Rab8 22. a4 b6 23. d7 Ng4 24. Bb7 Ne5 25. Bxa6 Rfd8 26. Bb5 f6 27. Rd5 Ra8
28. Rf2 Ra7 29. h3 Nf7 30. Re2 Ne5 31. Kf2 Kf7 32. g4 Raa8 33. Rexe5 fxe5 34.
Kf3 Ra7 35. Ke4 Ke6 36. Rxe5+ Kd6 37. g5 Rf8 38. gxh6 gxh6 39. Rh5 Raa8 40.
Rxh6+ Kc7 41. Rc6+ Kb7 42. h4 Rh8 43. h5 Rad8 44. a5 bxa5 45. Rxc5 Rdf8 46. Ba4
Rf1 47. Rxa5 Rh1 48. Kd4 Kc7 49. Rc5+ Kb6 1-0

[Event "Kreuzberg Open 2008"]
[Site "Berlin-Kreuzberg"]
[Date "2008.07.21"]
[Round "3.4"]
[White "Kiesekamp, Marcos"]
[Black "Zschäbitz, Klaus"]
[Result "1-0"]
[WhiteElo "2316"]
[BlackElo "2103"]
[PlyCount "117"]
[EventDate "2008.??.??"]
[WhiteTeam "TuS Makkabi Berlin e.V."]
[BlackTeam "BSG 1827 Eckbauer e.V."]

1. c4 e6 2. d4 Nf6 3. Nc3 Bb4 4. e3 d5 5. Nf3 O-O 6. Bd3 dxc4 7. Bxc4 Nc6 8.
O-O Bd6 9. Bb5 e5 10. Bxc6 exd4 11. Nxd4 bxc6 12. Nxc6 Qd7 13. Nd4 Bb7 14. f3
Ba6 15. Re1 c5 16. Nde2 Qc7 17. g3 Rfd8 18. Qa4 Qb7 19. e4 Be5 20. Bg5 Rd3 21.
Kg2 h6 22. Bxf6 Bxf6 23. Qc2 Rb8 24. Rab1 Rdd8 25. Nd5 Bd4 26. b4 Bxe2 27. Qxe2
cxb4 28. Rxb4 Bb6 29. Reb1 Qa8 30. Qb2 Rd7 31. a4 Rbd8 32. Qa2 Bc5 33. Rb5 Bf8
34. R1b2 Qc6 35. a5 Rc8 36. Qb1 Ba3 37. R2b3 Bd6 38. Rc3 Qa6 39. Rxc8+ Qxc8 40.
Qd3 Bf8 41. a6 Rd6 42. Rb7 Rc6 43. Ne3 Rc3 44. Qd4 Qc5 45. Nf5 Rc2+ 46. Kh3 Qc8
47. Qd5 Rc7 48. g4 g6 49. Nd4 Bg7 50. Nb5 Rxb7 51. axb7 Qb8 52. Nd6 Kh7 53. e5
h5 54. gxh5 gxh5 55. Qxf7 Kh8 56. Qxh5+ Kg8 57. Qf7+ Kh8 58. f4 a5 59. Qe8+ {
aufgegeben.} 1-0

[Event "Kreuzberg Open 2008"]
[Site "Berlin-Kreuzberg"]
[Date "2008.07.21"]
[Round "3.5"]
[White "Lüders, Gerhard"]
[Black "Hahlbohm, Matthias"]
[Result "1-0"]
[WhiteElo "2237"]
[BlackElo "2085"]
[PlyCount "69"]
[EventDate "2008.??.??"]
[WhiteTeam "BSC Rehberge 1945 e.V."]
[BlackTeam "TSG Oberschöneweide e.V."]

1. d4 d5 2. Nf3 c6 3. e3 e6 4. c4 Nd7 5. Nc3 f5 6. Qc2 a6 7. h3 Bd6 8. g4 Ndf6
9. gxf5 exf5 10. Bd3 Ne7 11. cxd5 cxd5 12. Ne5 Bxe5 13. dxe5 Ne4 14. f4 Be6 15.
Qb3 Nc5 16. Qc2 d4 17. Ne2 Rc8 18. Nxd4 Qd5 19. O-O O-O 20. b3 b5 21. Ba3 Rf7
22. Rac1 g5 23. Bxc5 gxf4 24. Nxe6 Qxe6 25. exf4 Qd5 26. b4 Rc6 27. Kh2 Ng6 28.
Rf2 Nxe5 29. Rg1+ Ng6 30. Rg5 Rcf6 31. a4 Qd7 32. axb5 axb5 33. Qe2 Re6 34. Qf1
h6 35. Bxb5 1-0

[Event "Kreuzberg Open 2008"]
[Site "Berlin-Kreuzberg"]
[Date "2008.07.21"]
[Round "3.6"]
[White "Krausser, Helmut"]
[Black "Niehaus, Frank"]
[Result "1/2-1/2"]
[WhiteElo "2122"]
[BlackElo "2185"]
[PlyCount "43"]
[EventDate "2008.??.??"]
[WhiteTeam "SC Unterpfaffenhofen"]
[BlackTeam "Sfrd. Berlin 1903 e.V."]

1. e4 c5 2. Nc3 Nc6 3. Nge2 d6 4. h3 g6 5. g3 Bg7 6. Bg2 e6 7. O-O Nge7 8. d3
O-O 9. f4 Rb8 10. g4 f5 11. Ng3 Nd4 12. Nce2 b5 13. c3 Nxe2+ 14. Qxe2 b4 15.
Bd2 Re8 16. Kh2 Bd7 17. Rfe1 Qa5 18. cxb4 cxb4 19. a3 Qb6 20. Bxb4 Nc6 21. Bc3
Nd4 22. Bxd4 1/2-1/2

[Event "Kreuzberg Open 2008"]
[Site "Berlin-Kreuzberg"]
[Date "2008.07.21"]
[Round "3.7"]
[White "Albrecht, Rainer"]
[Black "Zur, Jan"]
[Result "1/2-1/2"]
[WhiteElo "2184"]
[BlackElo "1924"]
[PlyCount "35"]
[EventDate "2008.??.??"]
[WhiteTeam "SC Kreuzberg e.V."]
[BlackTeam "TSG Oberschöneweide e.V."]

1. d4 Nf6 2. c4 e6 3. Nc3 d5 4. cxd5 exd5 5. Bg5 Be7 6. e3 O-O 7. Bd3 Nbd7 8.
Qc2 Re8 9. Nf3 c6 10. h3 Nf8 11. Bf4 Ng6 12. Bh2 Bd6 13. Bxd6 Qxd6 14. O-O-O b5
15. Kb1 a5 16. Rc1 Bd7 17. g4 Qe7 18. Bf5 1/2-1/2

[Event "Kreuzberg Open 2008"]
[Site "Berlin-Kreuzberg"]
[Date "2008.07.21"]
[Round "3.8"]
[White "Sechting, Martin"]
[Black "Bukowski, Henryk"]
[Result "1-0"]
[WhiteElo "2100"]
[BlackElo "2175"]
[PlyCount "97"]
[EventDate "2008.??.??"]
[WhiteTeam "Hamburger SK von 1830 eV"]
[BlackTeam "BSC Rehberge 1945 e.V."]

1. d4 Nf6 2. c4 e6 3. Nf3 d5 4. Nc3 Nbd7 5. Bg5 Be7 6. cxd5 exd5 7. Qc2 c6 8.
e3 O-O 9. Bd3 Re8 10. O-O Nf8 11. Rab1 Bg4 12. Ne5 Bh5 13. b4 a6 14. a4 Bg6 15.
b5 axb5 16. axb5 c5 17. dxc5 Bxc5 18. Bxf6 gxf6 19. Nxg6 hxg6 20. Rfd1 Rc8 21.
Qb3 Re5 22. Bc4 d4 23. Bxf7+ Kg7 24. Na4 Qe7 25. Nxc5 Rexc5 26. Bd5 Rc3 27. Qb4
Qxb4 28. Rxb4 dxe3 29. fxe3 b6 30. e4 R8c5 31. Ra1 Rc1+ 32. Rxc1 Rxc1+ 33. Kf2
Rc2+ 34. Kf1 Rc1+ 35. Ke2 Rc2+ 36. Kf3 Rc3+ 37. Kf2 Rc2+ 38. Kg3 Rc3+ 39. Kh4
g5+ 40. Kg4 Nd7 41. Kf5 Nc5 42. e5 Nd7 43. exf6+ Nxf6 44. Bf3 Rc5+ 45. Ke6 Kg6
46. h3 Nh5 47. Kd6 Nf4 48. Bc6 Rc2 49. Be4+ 1-0

[Event "Kreuzberg Open 2008"]
[Site "Berlin-Kreuzberg"]
[Date "2008.07.21"]
[Round "3.9"]
[White "Förster, Jonas"]
[Black "Schmidt-Schäffer, Sebastian"]
[Result "0-1"]
[WhiteElo "2150"]
[BlackElo "2391"]
[PlyCount "106"]
[EventDate "2008.??.??"]
[WhiteTeam "SSC Rostock 07"]
[BlackTeam "SC Kreuzberg e.V."]

1. d4 f5 2. c4 Nf6 3. Nf3 e6 4. e3 Be7 5. Bd3 O-O 6. O-O Nc6 7. Nc3 d6 8. d5
Ne5 9. Nd4 exd5 10. cxd5 Nxd3 11. Qxd3 Ng4 12. f4 Bf6 13. h3 Bxd4 14. Qxd4 Nf6
15. b3 Qe7 16. Bb2 Bd7 17. Rad1 a5 18. Rfe1 a4 19. e4 Nh5 20. e5 axb3 21. e6
Be8 22. axb3 Qh4 23. Rf1 Rf6 24. Rf3 Rg6 25. Qf2 Qe7 26. Kh2 Rh6 27. Ra1 Rxa1
28. Bxa1 Nf6 29. Qd4 c6 30. Rg3 c5 31. Qd3 b5 32. Qxf5 Bg6 33. Rxg6 hxg6 34.
Qd3 Ng4+ 35. Kg1 Qa7 36. Qf1 c4+ 37. Kh1 Nf2+ 38. Kh2 cxb3 39. Nxb5 Qe3 40. Bd4
Ng4+ 41. Kh1 Qe4 42. Kg1 b2 43. e7 Ne3 44. Nxd6 Qxe7 45. Qb1 Nxg2 46. Be5 Qh4
47. Qxb2 Nxf4 48. Bxf4 Qxf4 49. Qh2 Qc1+ 50. Kg2 Qd2+ 51. Kg1 Qd1+ 52. Kg2
Qxd5+ 53. Kf2 g5 0-1

[Event "Kreuzberg Open 2008"]
[Site "Berlin-Kreuzberg"]
[Date "2008.07.21"]
[Round "3.10"]
[White "von Löhneysen, Leonard"]
[Black "Kohler, Thomas"]
[Result "1/2-1/2"]
[WhiteElo "1995"]
[BlackElo "2276"]
[PlyCount "35"]
[EventDate "2008.??.??"]
[WhiteTeam "SK Zehlendorf e.V."]
[BlackTeam "SC Zitadelle Spandau 1977 e.V."]

1. c4 d6 2. g3 g6 3. Bg2 Bg7 4. Nc3 e5 5. e4 Be6 6. d3 Qd7 7. Nge2 Nc6 8. O-O
Nge7 9. Nd5 O-O 10. Bg5 f6 11. Be3 f5 12. Qd2 Rf7 13. Rab1 Raf8 14. f3 Nc8 15.
b4 Nd8 16. b5 fxe4 17. fxe4 Rxf1+ 18. Rxf1 1/2-1/2

[Event "Kreuzberg Open 2008"]
[Site "Berlin-Kreuzberg"]
[Date "2008.07.22"]
[Round "4.1"]
[White "Kiesekamp, Marcos"]
[Black "Rabiega, Robert"]
[Result "1-0"]
[WhiteElo "2316"]
[BlackElo "2552"]
[PlyCount "85"]
[EventDate "2008.??.??"]
[WhiteTeam "TuS Makkabi Berlin e.V."]
[BlackTeam "SK König Tegel 1949 e.V."]

1. e4 e5 2. Nf3 Nc6 3. Bb5 a6 4. Bxc6 dxc6 5. Nc3 Qf6 6. d4 exd4 7. Nxd4 Bd7 8.
Be3 Bb4 9. Qd2 h6 10. O-O-O O-O-O 11. a3 Ba5 12. Nde2 Ne7 13. Bd4 Qe6 14. Qe3
Bxc3 15. Bxc3 b6 16. Bxg7 Rhg8 17. Bxh6 Rxg2 18. Nf4 Qa2 19. Nxg2 Qa1+ 20. Kd2
Bg4+ 21. Kc3 Rxd1 22. Rxd1 Qxd1 23. Qd3 Qf3 24. Qxf3 Bxf3 25. Ne3 Bxe4 26. Kd4
Bf3 27. Ke5 Ng8 28. Bg5 Kd7 29. h4 c5 30. Nf5 Ke8 31. h5 f6+ 32. Bxf6 Kf7 33.
Bd8 Bxh5 34. Bxc7 b5 35. Bd8 Kf8 36. f4 Bf3 37. Bg5 b4 38. Kd6 bxa3 39. bxa3 c4
40. c3 Kf7 41. Kc5 Be2 42. Nd6+ Ke6 43. Nxc4 1-0

[Event "Kreuzberg Open 2008"]
[Site "Berlin-Kreuzberg"]
[Date "2008.07.22"]
[Round "4.2"]
[White "Kalinitschew, Sergey"]
[Black "Lüders, Gerhard"]
[Result "1-0"]
[WhiteElo "2456"]
[BlackElo "2237"]
[PlyCount "86"]
[EventDate "2008.??.??"]
[WhiteTeam "SC Kreuzberg e.V."]
[BlackTeam "BSC Rehberge 1945 e.V."]

1. d4 d5 2. c4 e6 3. Nc3 Nf6 4. Nf3 Nbd7 5. Bf4 Bd6 6. Bxd6 cxd6 7. cxd5 Nxd5
8. Nxd5 exd5 9. e3 Qb6 10. b3 Nf6 11. Bd3 Bg4 12. O-O O-O 13. h3 Bh5 14. Bf5
Ne4 15. Rc1 Bxf3 16. gxf3 Nf6 17. Qc2 g6 18. Bd3 Ne8 19. Kh2 Qd8 20. Rg1 Qf6
21. f4 Kh8 22. Qe2 a6 23. Qf3 Qh4 24. Rg4 Qh5 25. Qg3 Qh6 26. f5 Rd8 27. fxg6
fxg6 28. Bxg6 Nf6 29. Rh4 Qg7 30. Bxh7 Qxg3+ 31. fxg3 Kg7 32. Bf5 Rde8 33. Re1
Re7 34. g4 Kg8 35. Kg2 Ne4 36. Rh6 Rc7 37. Re2 Rc6 38. Bxe4 dxe4 39. d5 Rc1 40.
Rxd6 Rff1 41. Re6 Rh1 42. Kg3 Rcg1+ 43. Kh4 Rf1 1-0

[Event "Kreuzberg Open 2008"]
[Site "Berlin-Kreuzberg"]
[Date "2008.07.22"]
[Round "4.3"]
[White "Sechting, Martin"]
[Black "Berger, Steve"]
[Result "0-1"]
[WhiteElo "2100"]
[BlackElo "2408"]
[PlyCount "56"]
[EventDate "2008.??.??"]
[WhiteTeam "Hamburger SK von 1830 eV"]
[BlackTeam "SC Kreuzberg e.V."]

1. d4 g6 2. c4 Bg7 3. e4 Nc6 4. Nf3 e5 5. Bg5 f6 6. Be3 d6 7. d5 Nce7 8. Qd2 f5
9. g3 Nf6 10. Nc3 O-O 11. O-O-O b5 12. cxb5 a6 13. bxa6 Bxa6 14. Bxa6 Rxa6 15.
Bh6 Nxe4 16. Nxe4 fxe4 17. Bxg7 Rxf3 18. Bh6 Rxa2 19. Be3 Nf5 20. Rhe1 Qa8 21.
Qb4 Nxe3 22. fxe3 Rf2 23. Rd2 Ra4 24. Qb3 Ra1+ 25. Kc2 Rxd2+ 26. Kxd2 Qa5+ 27.
Qc3 Qxd5+ 28. Ke2 Qd3+ 0-1

[Event "Kreuzberg Open 2008"]
[Site "Berlin-Kreuzberg"]
[Date "2008.07.22"]
[Round "4.4"]
[White "Schmidt-Schäffer, Sebastian"]
[Black "Pfeffer, Ruprecht"]
[Result "0-1"]
[WhiteElo "2391"]
[BlackElo "2155"]
[PlyCount "94"]
[EventDate "2008.??.??"]
[WhiteTeam "SC Kreuzberg e.V."]
[BlackTeam "SC Weisse Dame e.V."]

1. f4 c5 2. Nf3 g6 3. c3 Bg7 4. d4 cxd4 5. cxd4 Nf6 6. Nc3 d5 7. e3 O-O 8. Be2
Nc6 9. O-O Bg4 10. h3 Bxf3 11. Bxf3 e6 12. b4 Nxb4 13. Ba3 a5 14. Rb1 Qc7 15.
Qb3 Rfc8 16. Rfc1 Nd3 17. Rc2 b5 18. Bd1 b4 19. Nxd5 Nxd5 20. Rxc7 Rxc7 21.
Qxd3 Rc3 22. Qd2 Rxa3 23. Bf3 Nc3 24. Rb2 Rd8 25. Kf1 Bf6 26. g4 g5 27. fxg5
Bxg5 28. h4 Bxh4 29. Qh2 Bg5 30. Qc7 h6 31. Rf2 Nb5 32. Qb6 Nd6 33. e4 Nc4 34.
Qc7 Rc3 35. Qa7 Bh4 36. d5 Ne3+ 37. Kg1 Rc1+ 38. Kh2 Bxf2 39. Qe7 Rf8 40. g5
Rg1 41. gxh6 Nf1+ 42. Kh3 Rg3+ 43. Kh4 Rxf3+ 44. Kh5 Rh3+ 45. Kg4 Rxh6 46. d6
Nd2 47. e5 Rh4+ 0-1

[Event "Kreuzberg Open 2008"]
[Site "Berlin-Kreuzberg"]
[Date "2008.07.22"]
[Round "4.5"]
[White "Bartolomäus, Christian"]
[Black "Krausser, Helmut"]
[Result "1-0"]
[WhiteElo "2221"]
[BlackElo "2122"]
[PlyCount "63"]
[EventDate "2008.??.??"]
[WhiteTeam "Greifswalder SV"]
[BlackTeam "SC Unterpfaffenhofen"]

1. e4 c6 2. d4 d5 3. Nc3 dxe4 4. Nxe4 Nd7 5. Ng5 Ngf6 6. Bd3 e6 7. N1f3 Bd6 8.
Qe2 h6 9. Ne4 Nxe4 10. Qxe4 Nf6 11. Qe2 Qc7 12. Bd2 b6 13. O-O-O Bb7 14. Ne5 c5
15. Bb5+ Ke7 16. dxc5 Qxc5 17. a3 Qc7 18. Rhe1 Rhd8 19. f4 Kf8 20. Bd3 Rac8 21.
Kb1 b5 22. g4 Nd5 23. g5 Bxe5 24. fxe5 hxg5 25. Bxg5 Ne7 26. Qh5 Rxd3 27. cxd3
Qc2+ 28. Ka1 Qb3 29. Rc1 Ke8 30. Rxc8+ Nxc8 31. Qh8+ Kd7 32. Qd8+ 1-0

[Event "Kreuzberg Open 2008"]
[Site "Berlin-Kreuzberg"]
[Date "2008.07.22"]
[Round "4.6"]
[White "Niehaus, Frank"]
[Black "Zur, Jan"]
[Result "1/2-1/2"]
[WhiteElo "2185"]
[BlackElo "1924"]
[PlyCount "54"]
[EventDate "2008.??.??"]
[WhiteTeam "Sfrd. Berlin 1903 e.V."]
[BlackTeam "TSG Oberschöneweide e.V."]

1. e4 e5 2. f4 Bc5 3. Nf3 d6 4. Bc4 Nf6 5. Qe2 Nc6 6. d3 Bg4 7. c3 Qe7 8. h3
Nh5 9. hxg4 Ng3 10. Qc2 Nxh1 11. g3 Nxg3 12. Qg2 exf4 13. Bxf4 Nxe4 14. dxe4
Qxe4+ 15. Qe2 Qxe2+ 16. Kxe2 O-O 17. Nbd2 Rfe8+ 18. Kd3 Ne5+ 19. Nxe5 dxe5 20.
Bg3 Rad8+ 21. Ke2 Bd6 22. Ne4 Rf8 23. Rf1 h6 24. Bh4 g5 25. Nf6+ Kg7 26. Nh5+
Kg8 27. Nf6+ Kg7 1/2-1/2

[Event "Kreuzberg Open 2008"]
[Site "Berlin-Kreuzberg"]
[Date "2008.07.22"]
[Round "4.8"]
[White "Dimitrijeski, Kristian"]
[Black "Kohler, Thomas"]
[Result "1/2-1/2"]
[WhiteElo "2167"]
[BlackElo "2276"]
[PlyCount "35"]
[EventDate "2008.??.??"]
[WhiteTeam "Sfrd. Berlin 1903 e.V."]
[BlackTeam "SC Zitadelle Spandau 1977 e.V."]

1. d4 Nf6 2. c4 g6 3. Nc3 Bg7 4. e4 d6 5. Nge2 O-O 6. Ng3 e5 7. d5 c6 8. Be2
cxd5 9. cxd5 a5 10. h4 Na6 11. h5 Nc5 12. hxg6 fxg6 13. Bg5 Qb6 14. Qd2 Bd7 15.
O-O a4 16. Be3 Qa5 17. Rac1 Rfc8 18. f3 1/2-1/2

[Event "Kreuzberg Open 2008"]
[Site "Berlin-Kreuzberg"]
[Date "2008.07.22"]
[Round "4.10"]
[White "Bukowski, Henryk"]
[Black "Lang, Martin"]
[Result "1-0"]
[WhiteElo "2175"]
[BlackElo "2000"]
[PlyCount "69"]
[EventDate "2008.??.??"]
[WhiteTeam "BSC Rehberge 1945 e.V."]
[BlackTeam "SV Neustadt/Altenstadt"]

1. d4 Nf6 2. Nf3 g6 3. g3 Bg7 4. Bg2 O-O 5. O-O d6 6. c4 c6 7. Nc3 Nbd7 8. h3
e5 9. e4 exd4 10. Nxd4 Qc7 11. Re1 Ne5 12. b3 a6 13. Bb2 Re8 14. Rc1 Rb8 15. a3
Qb6 16. Na4 Qc7 17. f4 Ned7 18. Kh2 c5 19. Nf3 Rxe4 20. Qd3 Rxe1 21. Rxe1 b5
22. cxb5 axb5 23. Nc3 c4 24. Qd2 Nc5 25. Nd5 Qd8 26. Bxf6 Bxf6 27. Re8+ Qxe8
28. Nxf6+ Kf8 29. Nxe8 Ne4 30. Qd4 c3 31. Qxe4 Bf5 32. Qd4 Rc8 33. Nxd6 c2 34.
Nxc8 c1=Q 35. Qh8# 1-0

[Event "Kreuzberg Open 2008"]
[Site "Berlin-Kreuzberg"]
[Date "2008.07.22"]
[Round "4.11"]
[White "Albinus, Günter"]
[Black "Welz, Peter"]
[Result "1/2-1/2"]
[WhiteElo "1920"]
[BlackElo "2169"]
[PlyCount "100"]
[EventDate "2008.??.??"]
[WhiteTeam "SG Weißensee 49 e.V."]
[BlackTeam "SV Empor Berlin e.V."]

1. Nf3 f5 2. b3 Nf6 3. Bb2 e6 4. d3 Be7 5. Nbd2 O-O 6. e4 b6 7. exf5 exf5 8.
Be2 Bb7 9. O-O Nc6 10. Nd4 Nxd4 11. Bxd4 c5 12. Bb2 d5 13. d4 Qd6 14. c4 Rad8
15. cxd5 cxd4 16. Bxd4 Bxd5 17. Bb2 Bxg2 18. Kxg2 Qxd2 19. Qxd2 Rxd2 20. Bc4+
Kh8 21. Bc3 Rc2 22. Rfc1 Rxc1 23. Rxc1 Ne4 24. Bd4 Bf6 25. Bxf6 Nxf6 26. Be6 g6
27. Rc7 a5 28. Rc6 Ne4 29. Bd5 Rb8 30. Bxe4 fxe4 31. Re6 Kg7 32. Rxe4 Kf6 33.
a4 Rd8 34. b4 Kf5 35. f3 Rd2+ 36. Kg3 Rb2 37. bxa5 bxa5 38. Rc4 Re2 39. h4 Re5
40. Rc7 Rd5 41. Rxh7 Rd4 42. Rf7+ Ke5 43. Re7+ Kf5 44. Re4 Rb4 45. Kh3 Rb3 46.
Kg3 Ra3 47. Rg4 Kf6 48. Re4 Kf5 49. Rg4 Kf6 50. Re4 Kf5 1/2-1/2

[Event "Kreuzberg Open 2008"]
[Site "Berlin-Kreuzberg"]
[Date "2008.07.23"]
[Round "5.2"]
[White "Pfeffer, Ruprecht"]
[Black "Kiesekamp, Marcos"]
[Result "0-1"]
[WhiteElo "2155"]
[BlackElo "2316"]
[PlyCount "78"]
[EventDate "2008.??.??"]
[WhiteTeam "SC Weisse Dame e.V."]
[BlackTeam "TuS Makkabi Berlin e.V."]

1. e4 e5 2. Nf3 Nc6 3. Bb5 a6 4. Ba4 Nf6 5. d3 b5 6. Bb3 Be7 7. O-O O-O 8. h3
d6 9. c3 Na5 10. Bc2 c5 11. Re1 Re8 12. Nbd2 Bf8 13. Nf1 h6 14. d4 cxd4 15.
cxd4 exd4 16. Nxd4 Bb7 17. Ng3 Nc4 18. b3 Ne5 19. Bb2 Rc8 20. Qd2 Ng6 21. Rad1
d5 22. Ndf5 Nxe4 23. Nxe4 dxe4 24. Qe3 Qc7 25. Bb1 Bc5 26. Bd4 Bxd4 27. Qxd4
Re5 28. Qd7 Qxd7 29. Rxd7 Bc6 30. Rxf7 Kxf7 31. Nd6+ Ke6 32. Nxc8 Kd7 33. Rc1
Nf4 34. Rc2 Nd3 35. Na7 Bb7 36. b4 Nxb4 37. Rd2+ Rd5 38. Rxd5+ Bxd5 39. a3 Nd3
0-1

[Event "Kreuzberg Open 2008"]
[Site "Berlin-Kreuzberg"]
[Date "2008.07.23"]
[Round "5.3"]
[White "Rabiega, Robert"]
[Black "Bartolomäus, Christian"]
[Result "1-0"]
[WhiteElo "2552"]
[BlackElo "2221"]
[PlyCount "65"]
[EventDate "2008.??.??"]
[WhiteTeam "SK König Tegel 1949 e.V."]
[BlackTeam "Greifswalder SV"]

1. e4 d6 2. d4 Nf6 3. Bd3 e5 4. c3 d5 5. dxe5 dxe4 6. Bb5+ c6 7. Qxd8+ Kxd8 8.
exf6 cxb5 9. Bg5 Kc7 10. Nd2 gxf6 11. Bf4+ Kb6 12. Nxe4 Be7 13. Nf3 Be6 14.
Be3+ Kc7 15. Nd4 a6 16. O-O-O Re8 17. Bf4+ Kb6 18. Rhe1 Nc6 19. Nxe6 fxe6 20.
Rd7 Na5 21. Red1 Nc4 22. b3 f5 23. Ng3 e5 24. Bh6 f4 25. Nf5 Ba3+ 26. Kc2 Nb2
27. Re1 Rac8 28. Bg7 Rxc3+ 29. Kxc3 Rc8+ 30. Kd2 Bb4+ 31. Ke2 Rc2+ 32. Kf1 Bc5
33. Rxe5 1-0

[Event "Kreuzberg Open 2008"]
[Site "Berlin-Kreuzberg"]
[Date "2008.07.23"]
[Round "5.4"]
[White "Lüders, Gerhard"]
[Black "Shapiro, Yosip"]
[Result "0-1"]
[WhiteElo "2237"]
[BlackElo "2123"]
[PlyCount "102"]
[EventDate "2008.??.??"]
[WhiteTeam "BSC Rehberge 1945 e.V."]
[BlackTeam "Schwarz-Weiß Neukölln e.V."]

1. Nf3 d5 2. b3 Bf5 3. Bb2 c6 4. e3 e6 5. g3 h6 6. d3 Nf6 7. Nbd2 Nbd7 8. Qe2
Be7 9. Bg2 a5 10. a3 Qb6 11. h3 Bh7 12. O-O O-O 13. Rab1 Rfc8 14. g4 Qd8 15.
Kh1 b5 16. Rg1 Qf8 17. Ra1 Rab8 18. g5 hxg5 19. Nxg5 Bg6 20. Bf3 e5 21. a4 Bd6
22. axb5 cxb5 23. c3 a4 24. bxa4 bxa4 25. Ra2 a3 26. Ba1 Nc5 27. e4 Qe7 28. h4
dxe4 29. Ndxe4 Nfxe4 30. Bxe4 Nxe4 31. dxe4 f6 32. h5 Be8 33. Nh3 Bd7 34. h6 g5
35. Qh5 Qf7 36. Qxf7+ Kxf7 37. Rd2 Ke7 38. Nxg5 fxg5 39. f4 exf4 40. c4 Bc6 41.
Kh2 Bxe4 42. Re1 Rxc4 43. Rd4 f3+ 44. Kh3 g4+ 45. Kh4 Rxd4 46. Bxd4 g3 47.
Rxe4+ Kd7 48. Re1 f2 49. Rd1 Rb4 50. h7 Rxd4+ 51. Kg5 Be5 0-1

[Event "Kreuzberg Open 2008"]
[Site "Berlin-Kreuzberg"]
[Date "2008.07.23"]
[Round "5.5"]
[White "Zschäbitz, Klaus"]
[Black "Niehaus, Frank"]
[Result "1-0"]
[WhiteElo "2103"]
[BlackElo "2185"]
[PlyCount "148"]
[EventDate "2008.??.??"]
[WhiteTeam "BSG 1827 Eckbauer e.V."]
[BlackTeam "Sfrd. Berlin 1903 e.V."]

1. Nf3 Nf6 2. d4 g6 3. c4 Bg7 4. g3 O-O 5. Bg2 d6 6. O-O Nbd7 7. d5 Nb6 8. Qb3
Bd7 9. h3 c6 10. Nc3 cxd5 11. cxd5 Qc8 12. Kh2 Qc4 13. Qxc4 Nxc4 14. Rd1 Rfc8
15. e3 b5 16. Nd4 b4 17. Nce2 Kf8 18. Rb1 Nb6 19. e4 Rc7 20. Bd2 a5 21. Rdc1
Rac8 22. Rxc7 Rxc7 23. b3 e5 24. dxe6 fxe6 25. Be3 Nc8 26. Rc1 Rxc1 27. Nxc1 e5
28. Nc2 Bc6 29. f3 d5 30. Bc5+ Kf7 31. exd5 Nxd5 32. Ne3 Nxe3 33. Bxe3 Bb5 34.
Kg1 Ke6 35. Kf2 Bf8 36. Ke1 Bd6 37. Kd2 Bc7 38. Nd3 Nd6 39. Nc5+ Kf5 40. h4 Kf6
41. g4 Bc6 42. Na6 Nb5 43. Nxc7 Nxc7 44. Bb6 Nd5 45. Bxa5 Bb5 46. Ke1 Ne3 47.
Bd8+ Ke6 48. Bh3 Kd6 49. Bg5 Nd5 50. Bf1 Bxf1 51. Kxf1 Kc5 52. Ke2 Kd4 53. Kd2
e4 54. fxe4 Kxe4 55. Bh6 Kf3 56. g5 Ke4 57. Bf8 Kd4 58. Bd6 Ke4 59. Bc5 Nf4 60.
Bxb4 Ng2 61. a4 Nxh4 62. Ke2 Nf5 63. Bc3 h5 64. a5 Kd5 65. a6 Kc6 66. b4 h4 67.
Kf3 h3 68. Be5 Kb6 69. b5 Ne7 70. Bd4+ Kc7 71. Bg1 Nd5 72. Kg3 Kb8 73. Kxh3 Nc7
74. Bh2 Ka7 1-0

[Event "Kreuzberg Open 2008"]
[Site "Berlin-Kreuzberg"]
[Date "2008.07.23"]
[Round "5.6"]
[White "Albrecht, Rainer"]
[Black "Sechting, Martin"]
[Result "1/2-1/2"]
[WhiteElo "2184"]
[BlackElo "2100"]
[PlyCount "32"]
[EventDate "2008.??.??"]
[WhiteTeam "SC Kreuzberg e.V."]
[BlackTeam "Hamburger SK von 1830 eV"]

1. d4 Nf6 2. c4 e6 3. Nc3 Bb4 4. f3 c5 5. d5 Nh5 6. Nh3 Qh4+ 7. g3 Qxc4 8. e4
Qd4 9. Bd2 exd5 10. Nxd5 Qxd2+ 11. Qxd2 Bxd2+ 12. Kxd2 Kd8 13. g4 Nf6 14. Nxf6
gxf6 15. Nf4 Nc6 16. Nd5 Nd4 1/2-1/2

[Event "Kreuzberg Open 2008"]
[Site "Berlin-Kreuzberg"]
[Date "2008.07.23"]
[Round "5.7"]
[White "Hahlbohm, Matthias"]
[Black "Bukowski, Henryk"]
[Result "1/2-1/2"]
[WhiteElo "2085"]
[BlackElo "2175"]
[PlyCount "30"]
[EventDate "2008.??.??"]
[WhiteTeam "TSG Oberschöneweide e.V."]
[BlackTeam "BSC Rehberge 1945 e.V."]

1. e4 c5 2. c3 Qa5 3. Bc4 e6 4. Nf3 Nc6 5. O-O Nf6 6. e5 Nd5 7. d4 Nc7 8. Re1
cxd4 9. cxd4 d5 10. exd6 Bxd6 11. d5 Bb4 12. Re2 Nd8 13. a3 O-O 14. d6 Nd5 15.
axb4 Qxa1 1/2-1/2

[Event "Kreuzberg Open 2008"]
[Site "Berlin-Kreuzberg"]
[Date "2008.07.23"]
[Round "5.8"]
[White "Jaeger, Andre"]
[Black "Dimitrijeski, Kristian"]
[Result "1-0"]
[WhiteElo "2019"]
[BlackElo "2167"]
[PlyCount "83"]
[EventDate "2008.??.??"]
[WhiteTeam "SC Rochade e.V."]
[BlackTeam "Sfrd. Berlin 1903 e.V."]

1. d4 Nf6 2. c4 e6 3. Nc3 Bb4 4. Nf3 b6 5. Qb3 a5 6. Bg5 Bb7 7. e3 d6 8. Bd3 h6
9. Bh4 g5 10. Bg3 g4 11. Nh4 Nbd7 12. a3 Bxc3+ 13. Qxc3 Ne4 14. Bxe4 Bxe4 15.
f3 gxf3 16. gxf3 Bb7 17. d5 e5 18. f4 Qf6 19. fxe5 Nxe5 20. Rf1 Qg5 21. Rf5 Qg7
22. Bxe5 dxe5 23. Rxe5+ Kf8 24. O-O-O Qg4 25. Rf5 Rh7 26. Rf4 Qg5 27. Nf3 Qe7
28. Ne5 Rg7 29. Rxf7+ Qxf7 30. Nxf7 Kxf7 31. Rf1+ Kg8 32. Qf6 Re8 33. Qxh6 Ba6
34. Qf4 b5 35. c5 b4 36. Rf2 b3 37. Kd2 c6 38. d6 Bc8 39. Rf3 Be6 40. Rg3 Rf8
41. Rxg7+ Kxg7 42. Qg5+ 1-0